[Event "Stay Safe Play From Home 342"]
[Site "Emanuel Lasker Arena"]
[Date "2020.07.29"]
[Round "3"]
[White "Haris kollari 13"]
[Black "Timbre"]
[Result "1-0"]
[WhiteElo "1875"]
[BlackElo "1608"]
[Annotator "NA"]
[PlyCount "109"]
[EventDate "2020.07.29"]
[EventType "swiss (blitz)"]

1. e4 {[%emt 0:00:01]} c6 {[%emt 0:00:14]} 2. d4 {[%emt 0:00:02]} d5 {[%emt 0:00:01]} 3. e5 {[%emt 0:00:01]} Bf5 {[%emt 0:00:02]} 4. f4 {[%emt 0:00:01]} e6 {[%emt 0:00:01]} 5. Be3 {[%emt 0:00:01]} Ne7 {[%emt 0:00:03]} 6. b3 {[%emt 0:00:01]} Bg6 {[%emt 0:00:02]} 7. c3 {[%emt 0:00:01]} Nf5 {[%emt 0:00:02]} 8. Bf2 {[%emt 0:00:01]} Be7 {[%emt 0:00:02]} 9. Be2 {[%emt 0:00:01]} a6 {[%emt 0:00:01]} 10. Nf3 {[%emt 0:00:04]} Qc7 {[%emt 0:00:01]} 11. O-O {[%emt 0:00:03]} c5 {[%emt 0:00:01]} 12. Nbd2 {[%emt 0:00:01]} cxd4 {[%emt 0:00:01]} 13. cxd4 {[%emt 0:00:01]} Nc6 {[%emt 0:00:02]} 14. Rc1 {[%emt 0:00:03]} Qd7 {[%emt 0:00:03]} 15. h4 {[%emt 0:00:06]} h5 {[%emt 0:00:06]} 16. g3 {[%emt 0:00:07]} O-O {[%emt 0:00:07]} 17. Kh2 {[%emt 0:00:03]} Nh6 {[%emt 0:00:02]} 18. Ng1 {[%emt 0:00:03]} Ng4+ {[%emt 0:00:12]} 19. Bxg4 {[%emt 0:00:02]} hxg4 {[%emt 0:00:03]} 20. Qxg4 {[%emt 0:00:01]} Bf5 {[%emt 0:00:04]} 21. Qf3 {[%emt 0:00:01]} g6 {[%emt 0:00:08]} 22. g4 {[%emt 0:00:06]} Be4 {[%emt 0:00:04]} 23. Nxe4 {[%emt 0:00:01]} dxe4 {[%emt 0:00:02]} 24. Qxe4 {[%emt 0:00:00]} Kg7 {[%emt 0:00:01]} 25. Nf3 {[%emt 0:00:01]} Rh8 {[%emt 0:00:03]} 26. Kg2 {[%emt 0:00:01]} Rac8 {[%emt 0:00:08]} 27. Rfd1 {[%emt 0:00:01]} Nb4 {[%emt 0:00:05]} 28. a3 {[%emt 0:00:07]} Nd5 {[%emt 0:00:02]} 29. b4 {[%emt 0:00:04]} Rxc1 {[%emt 0:00:08]} 30. Rxc1 {[%emt 0:00:01]} Qb5 {[%emt 0:00:04]} 31. g5 {[%emt 0:00:17]} a5 {[%emt 0:00:11]} 32. bxa5 {[%emt 0:00:06]} Qxa5 {[%emt 0:00:01]} 33. Nh2 {[%emt 0:00:13]} Qxa3 {[%emt 0:00:05]} 34. Rb1 {[%emt 0:00:01]} b6 {[%emt 0:00:11]} 35. Ng4 {[%emt 0:00:01]} Nc3 {[%emt 0:00:08]} 36. Qd3 {[%emt 0:00:12]} Nxb1 {[%emt 0:00:03]} 37. Qxb1 {[%emt 0:00:01]} Qa5 {[%emt 0:00:08]} 38. Nf6 {[%emt 0:00:08]} Bxf6 {[%emt 0:00:04]} 39. exf6+ {[%emt 0:00:01]} Kh7 {[%emt 0:00:07]} 40. h5 {[%emt 0:00:01]} Qd5+ {[%emt 0:00:09]} 41. Kg3 {[%emt 0:00:02]} Rc8 {[%emt 0:00:07]} 42. hxg6+ {[%emt 0:00:07]} fxg6 {[%emt 0:00:02]} 43. Qxb6 {[%emt 0:00:00]} Rc3+ {[%emt 0:00:07]} 44. Kh2 {[%emt 0:00:02]} Qd7 {[%emt 0:00:12]} 45. Qb4 {[%emt 0:00:07]} Rc2 {[%emt 0:00:08]} 46. Kg3 {[%emt 0:00:06]} Qc7 {[%emt 0:00:13]} 47. Qf8 {[%emt 0:00:06]} Rc3+ {[%emt 0:00:11]} 48. Kh2 {[%emt 0:00:02]} Qxf4+ {[%emt 0:00:05]} 49. Kg2 {[%emt 0:00:03]} Qxg5+ {[%emt 0:00:07]} 50. Kf1 {[%emt 0:00:04]} Qc1+ {[%emt 0:00:17]} 51. Be1 {[%emt 0:00:04]} Rf3+ {[%emt 0:00:05]} 52. Kg2 {[%emt 0:00:04]} Qg5+ {[%emt 0:00:20]} 53. Kxf3 {[%emt 0:00:02]} Qf5+ {[%emt 0:00:01]} 54. Ke2 {[%emt 0:00:01]} Qe4+ {[%emt 0:00:01]} 55. Kf1 {[%emt 0:00:02] Time (Lag: Av=0.63s, max=1.1s) '} 1-0

[Event "Stay Safe Play From Home 342"]
[Site "Emanuel Lasker Arena"]
[Date "2020.07.29"]
[Round "3"]
[White "Erdema"]
[Black "Klasman"]
[Result "0-1"]
[WhiteElo "1586"]
[BlackElo "1519"]
[Annotator "NA"]
[PlyCount "120"]
[EventDate "2020.07.29"]
[EventType "swiss (blitz)"]

1. e4 {[%emt 0:00:02]} f5 {[%emt 0:00:01]} 2. Nc3 {[%emt 0:00:03]} fxe4 {[%emt 0:00:02]} 3. Nxe4 {[%emt 0:00:02]} d5 {[%emt 0:00:04]} 4. Ng5 {[%emt 0:00:02]} Nf6 {[%emt 0:00:04]} 5. d4 {[%emt 0:00:03]} Nc6 {[%emt 0:00:06]} 6. h3 {[%emt 0:00:02]} Bf5 {[%emt 0:00:45]} 7. c3 {[%emt 0:00:07]} h6 {[%emt 0:00:10]} 8. N5f3 {[%emt 0:00:02]} g5 {[%emt 0:00:04]} 9. Bd3 {[%emt 0:00:03]} Qd7 {[%emt 0:00:04]} 10. Ne5 {[%emt 0:00:03]} Nxe5 {[%emt 0:00:04]} 11. dxe5 {[%emt 0:00:01]} Ne4 {[%emt 0:00:06]} 12. Nf3 {[%emt 0:00:04]} O-O-O {[%emt 0:00:05]} 13. O-O {[%emt 0:00:03]} Bg7 {[%emt 0:00:09]} 14. Be3 {[%emt 0:00:04]} g4 {[%emt 0:00:03]} 15. hxg4 {[%emt 0:00:27]} Bxg4 {[%emt 0:00:04]} 16. Be2 {[%emt 0:00:01]} Bxf3 {[%emt 0:00:03]} 17. Bxf3 {[%emt 0:00:02]} Bxe5 {[%emt 0:00:01]} 18. Bxe4 {[%emt 0:00:02]} dxe4 {[%emt 0:00:01]} 19. Qxd7+ {[%emt 0:00:02]} Rxd7 {[%emt 0:00:01]} 20. Rfd1 {[%emt 0:00:01]} Rxd1+ {[%emt 0:00:08]} 21. Rxd1 {[%emt 0:00:03]} e6 {[%emt 0:00:02]} 22. g3 {[%emt 0:00:04]} h5 {[%emt 0:00:02]} 23. Kg2 {[%emt 0:00:04]} b6 {[%emt 0:00:05]} 24. Rh1 {[%emt 0:00:03]} c5 {[%emt 0:00:09]} 25. Kf1 {[%emt 0:00:02]} Kd7 {[%emt 0:00:07]} 26. g4 {[%emt 0:00:03]} hxg4 {[%emt 0:00:03]} 27. Rxh8 {[%emt 0:00:05]} Bxh8 {[%emt 0:00:01]} 28. Kg2 {[%emt 0:00:02]} Be5 {[%emt 0:00:03]} 29. Bd2 {[%emt 0:00:10]} Kd6 {[%emt 0:00:02]} 30. b3 {[%emt 0:00:07]} Kd5 {[%emt 0:00:04]} 31. Kf1 {[%emt 0:00:07]} g3 {[%emt 0:00:05]} 32. fxg3 {[%emt 0:00:07]} Bxg3 {[%emt 0:00:01]} 33. Kg2 {[%emt 0:00:02]} Be5 {[%emt 0:00:05]} 34. Kf2 {[%emt 0:00:05]} Bf6 {[%emt 0:00:11]} 35. Ke2 {[%emt 0:00:06]} Ke5 {[%emt 0:00:06]} 36. Be3 {[%emt 0:00:08]} Bh4 {[%emt 0:00:04]} 37. c4 {[%emt 0:00:08]} Bg3 {[%emt 0:00:02]} 38. Bg5 {[%emt 0:00:08]} Kd4 {[%emt 0:00:07]} 39. Bf6+ {[%emt 0:00:03]} e5 {[%emt 0:00:04]} 40. Kd2 {[%emt 0:00:07]} Bf4+ {[%emt 0:00:05]} 41. Ke2 {[%emt 0:00:03]} Kc3 {[%emt 0:00:02]} 42. Bd8 {[%emt 0:00:10]} Kb2 {[%emt 0:00:02]} 43. Bc7 {[%emt 0:00:01]} Kxa2 {[%emt 0:00:02]} 44. Bb8 {[%emt 0:00:01]} Kxb3 {[%emt 0:00:01]} 45. Bxa7 {[%emt 0:00:04]} Kxc4 {[%emt 0:00:01]} 46. Bxb6 {[%emt 0:00:01]} Kb4 {[%emt 0:00:03]} 47. Bc7 {[%emt 0:00:08]} c4 {[%emt 0:00:01]} 48. Bd6+ {[%emt 0:00:01]} Kb3 {[%emt 0:00:02]} 49. Kd1 {[%emt 0:00:02]} c3 {[%emt 0:00:02]} 50. Bc5 {[%emt 0:00:06]} c2+ {[%emt 0:00:01]} 51. Ke2 {[%emt 0:00:02]} c1=Q {[%emt 0:00:02]} 52. Bf2 {[%emt 0:00:12]} Qc2+ {[%emt 0:00:02]} 53. Kf1 {[%emt 0:00:02]} Qd1+ {[%emt 0:00:03]} 54. Kg2 {[%emt 0:00:02]} Qf3+ {[%emt 0:00:01]} 55. Kg1 {[%emt 0:00:10]} e3 {[%emt 0:00:01]} 56. Be1 {[%emt 0:00:04]} Qd1 {[%emt 0:00:05]} 57. Kf1 {[%emt 0:00:02]} e2+ {[%emt 0:00:03]} 58. Kf2 {[%emt 0:00:02]} Bg3+ {[%emt 0:00:01]} 59. Kxg3 {[%emt 0:00:02]} Qxe1+ {[%emt 0:00:01]} 60. Kf3 {[%emt 0:00:02]} Qf1+ {[%emt 0:00:02] Erdema terk eder (Lag: Av=0.64s, max=1.1s)} 0-1

[Event "Stay Safe Play From Home 342"]
[Site "Emanuel Lasker Arena"]
[Date "2020.07.29"]
[Round "3"]
[White "Canpawn"]
[Black "Marcus Wolters"]
[Result "1-0"]
[WhiteElo "1346"]
[BlackElo "1351"]
[Annotator "NA"]
[PlyCount "49"]
[EventDate "2020.07.29"]
[EventType "swiss (blitz)"]

1. e4 {[%emt 0:00:01]} d5 {[%emt 0:00:02]} 2. exd5 {[%emt 0:00:05]} Qxd5 {[%emt 0:00:01]} 3. Nf3 {[%emt 0:00:00]} Bg4 {[%emt 0:00:02]} 4. Be2 {[%emt 0:00:01]} e6 {[%emt 0:00:01]} 5. O-O {[%emt 0:00:01]} Nf6 {[%emt 0:00:02]} 6. d4 {[%emt 0:00:04]} Bd6 {[%emt 0:00:04]} 7. h3 {[%emt 0:00:02]} Bh5 {[%emt 0:00:02]} 8. Nc3 {[%emt 0:00:03]} Qa5 {[%emt 0:00:02]} 9. Bd2 {[%emt 0:00:02]} c6 {[%emt 0:00:05]} 10. Ne4 {[%emt 0:00:02]} Qd8 {[%emt 0:00:04]} 11. Nxd6+ {[%emt 0:00:02]} Qxd6 {[%emt 0:00:01]} 12. Qc1 {[%emt 0:00:01]} Ne4 {[%emt 0:00:05]} 13. Bf4 {[%emt 0:00:02]} Qe7 {[%emt 0:00:05]} 14. Bd3 {[%emt 0:00:03]} Bg6 {[%emt 0:00:03]} 15. Qe3 {[%emt 0:00:03]} Nf6 {[%emt 0:00:04]} 16. Bg5 {[%emt 0:00:03]} Nbd7 {[%emt 0:00:03]} 17. Ne5 {[%emt 0:00:02]} Qd6 {[%emt 0:00:07]} 18. Bf4 {[%emt 0:00:02]} Nxe5 {[%emt 0:00:02]} 19. Bxe5 {[%emt 0:00:01]} Qd7 {[%emt 0:00:01]} 20. Qf4 {[%emt 0:00:03]} Bxd3 {[%emt 0:00:03]} 21. cxd3 {[%emt 0:00:02]} O-O {[%emt 0:00:02]} 22. Qg5 {[%emt 0:00:04]} Qe7 {[%emt 0:00:03]} 23. f4 {[%emt 0:00:04]} Rfe8 {[%emt 0:00:03]} 24. Rf3 {[%emt 0:00:02]} Nd7 {[%emt 0:00:02]} 25. Qxg7# {[%emt 0:00:03] (Lag: Av=0.75s, max=0.9s)} 1-0

[Event "Stay Safe Play From Home 342"]
[Site "Emanuel Lasker Arena"]
[Date "2020.07.29"]
[Round "4"]
[White "Hickey"]
[Black "Ionelluca"]
[Result "0-1"]
[WhiteElo "2161"]
[BlackElo "1963"]
[PlyCount "66"]
[EventDate "2020.07.29"]
[EventType "swiss (blitz)"]

1. c4 {[%emt 0:00:05]} Nf6 {[%emt 0:00:05]} 2. g3 {[%emt 0:00:01]} c5 {[%emt 0:00:07]} 3. Bg2 {[%emt 0:00:01]} e5 {[%emt 0:00:01]} 4. Nc3 {[%emt 0:00:02]} Nc6 {[%emt 0:00:02]} 5. Nf3 {[%emt 0:00:01]} d6 {[%emt 0:00:02]} 6. O-O {[%emt 0:00:01]} g6 {[%emt 0:00:01]} 7. Ne1 {[%emt 0:00:00]} Bg7 {[%emt 0:00:01]} 8. Nc2 {[%emt 0:00:00]} O-O {[%emt 0:00:01]} 9. Ne3 {[%emt 0:00:00]} Re8 {[%emt 0:00:02]} 10. d3 {[%emt 0:00:03]} Rb8 {[%emt 0:00:05]} 11. a3 {[%emt 0:00:01]} Nd4 {[%emt 0:00:01]} 12. Rb1 {[%emt 0:00:02]} b6 {[%emt 0:00:04]} 13. b4 {[%emt 0:00:02]} cxb4 {[%emt 0:00:05]} 14. axb4 {[%emt 0:00:00]} Nh5 {[%emt 0:00:02]} 15. Ned5 {[%emt 0:00:04]} f5 {[%emt 0:00:04]} 16. Ra1 {[%emt 0:00:09]} a6 {[%emt 0:00:13]} 17. Bb2 {[%emt 0:00:22]} Rf8 {[%emt 0:00:22]} 18. e3 {[%emt 0:00:20]} Ne6 {[%emt 0:00:04]} 19. Na4 {[%emt 0:00:03]} b5 {[%emt 0:00:07]} 20. cxb5 {[%emt 0:00:05]} axb5 {[%emt 0:00:01]} 21. Nac3 {[%emt 0:00:01]} f4 {[%emt 0:00:03]} 22. Qb3 {[%emt 0:00:24]} Kh8 {[%emt 0:00:12]} 23. Bf3 {[%emt 0:00:26]} Ng5 {[%emt 0:00:08]} 24. Bxh5 {[%emt 0:00:16]} Nh3+ {[%emt 0:00:10]} 25. Kg2 {[%emt 0:00:05]} gxh5 {[%emt 0:00:05]} 26. e4 {[%emt 0:00:15]} f3+ {[%emt 0:00:12]} 27. Kh1 {[%emt 0:00:02]} h4 {[%emt 0:00:07]} 28. Ra7 {[%emt 0:00:13]} Qg5 {[%emt 0:00:04]} 29. Bc1 {[%emt 0:00:15]} Nxf2+ {[%emt 0:00:06]} 30. Kg1 {[%emt 0:00:10]} Nh3+ {[%emt 0:00:02]} 31. Kh1 {[%emt 0:00:01]} Qh5 {[%emt 0:00:06]} 32. gxh4 {[%emt 0:00:02]} f2 {[%emt 0:00:07]} 33. Qd1 {[%emt 0:00:10]} Bg4 {[%emt 0:00:15] Hickey resigns (Lag: Av=0.82s, max=3.9s)} 0-1

[Event "Stay Safe Play From Home 342"]
[Site "Emanuel Lasker Arena"]
[Date "2020.07.29"]
[Round "4"]
[White "Greblha"]
[Black "Canpawn"]
[Result "1-0"]
[WhiteElo "2001"]
[BlackElo "1363"]
[PlyCount "185"]
[EventDate "2020.07.29"]
[EventType "swiss (blitz)"]

1. e4 {[%emt 0:00:01]} e6 {[%emt 0:00:03]} 2. d4 {[%emt 0:00:02]} d5 {[%emt 0:00:00]} 3. e5 {[%emt 0:00:01]} c5 {[%emt 0:00:03]} 4. c3 {[%emt 0:00:01]} Nc6 {[%emt 0:00:01]} 5. Nf3 {[%emt 0:00:01]} Nge7 {[%emt 0:00:01]} 6. a3 {[%emt 0:00:04]} Ng6 {[%emt 0:00:01]} 7. Bd3 {[%emt 0:00:04]} Be7 {[%emt 0:00:02]} 8. b4 {[%emt 0:00:04]} cxd4 {[%emt 0:00:02]} 9. cxd4 {[%emt 0:00:01]} O-O {[%emt 0:00:02]} 10. O-O {[%emt 0:00:10]} Qb6 {[%emt 0:00:04]} 11. Be3 {[%emt 0:00:09]} Bd7 {[%emt 0:00:08]} 12. h4 {[%emt 0:00:01]} f5 {[%emt 0:00:04]} 13. h5 {[%emt 0:00:25]} Nh8 {[%emt 0:00:04]} 14. g3 {[%emt 0:00:15]} Rac8 {[%emt 0:00:03]} 15. Nbd2 {[%emt 0:00:09]} Qd8 {[%emt 0:00:11]} 16. Nb3 {[%emt 0:00:07]} b6 {[%emt 0:00:04]} 17. Qd2 {[%emt 0:00:01]} Rc7 {[%emt 0:00:02]} 18. Rfc1 {[%emt 0:00:04]} Nf7 {[%emt 0:00:02]} 19. h6 {[%emt 0:00:05]} Nxh6 {[%emt 0:00:02]} 20. Bxh6 {[%emt 0:00:02]} gxh6 {[%emt 0:00:01]} 21. Qxh6 {[%emt 0:00:01]} Rf7 {[%emt 0:00:01]} 22. Kg2 {[%emt 0:00:08]} Rg7 {[%emt 0:00:02]} 23. Bb5 {[%emt 0:00:14]} Rg6 {[%emt 0:00:02]} 24. Qh5 {[%emt 0:00:07]} Be8 {[%emt 0:00:03]} 25. Qh2 {[%emt 0:00:09]} f4 {[%emt 0:00:07]} 26. Bxc6 {[%emt 0:00:01]} Bxc6 {[%emt 0:00:04]} 27. Rh1 {[%emt 0:00:02]} Rg7 {[%emt 0:00:04]} 28. Rac1 {[%emt 0:00:06]} fxg3 {[%emt 0:00:02]} 29. fxg3 {[%emt 0:00:01]} Be8 {[%emt 0:00:06]} 30. Rxc7 {[%emt 0:00:05]} Qxc7 {[%emt 0:00:01]} 31. Rc1 {[%emt 0:00:01]} Qb7 {[%emt 0:00:04]} 32. Qh3 {[%emt 0:00:04]} Bf7 {[%emt 0:00:03]} 33. b5 {[%emt 0:00:09]} a6 {[%emt 0:00:03]} 34. a4 {[%emt 0:00:02]} axb5 {[%emt 0:00:01]} 35. axb5 {[%emt 0:00:01]} Qd7 {[%emt 0:00:01]} 36. Rc6 {[%emt 0:00:03]} Qb7 {[%emt 0:00:08]} 37. Qh6 {[%emt 0:00:04]} Bg6 {[%emt 0:00:04]} 38. Qc1 {[%emt 0:00:10]} Bd8 {[%emt 0:00:11]} 39. Rxe6 {[%emt 0:00:05]} Qd7 {[%emt 0:00:02]} 40. Qc6 {[%emt 0:00:03]} Qxc6 {[%emt 0:00:02]} 41. Rxc6 {[%emt 0:00:07]} Be4 {[%emt 0:00:06]} 42. Nbd2 {[%emt 0:00:02]} Bd3 {[%emt 0:00:03]} 43. Rc8 {[%emt 0:00:02]} Rd7 {[%emt 0:00:02]} 44. Ng5 {[%emt 0:00:06]} Kg7 {[%emt 0:00:02]} 45. Ne6+ {[%emt 0:00:01]} Kf7 {[%emt 0:00:02]} 46. Nxd8+ {[%emt 0:00:01]} Ke7 {[%emt 0:00:06]} 47. Nc6+ {[%emt 0:00:01]} Ke6 {[%emt 0:00:02]} 48. Re8+ {[%emt 0:00:04]} Kf7 {[%emt 0:00:01]} 49. e6+ {[%emt 0:00:03]} Kxe8 {[%emt 0:00:01]} 50. exd7+ {[%emt 0:00:01]} Kxd7 {[%emt 0:00:00]} 51. Nb4 {[%emt 0:00:01]} Bxb5 {[%emt 0:00:02]} 52. Kf3 {[%emt 0:00:03]} Bd3 {[%emt 0:00:02]} 53. Nxd5 {[%emt 0:00:03]} b5 {[%emt 0:00:03]} 54. Nb4 {[%emt 0:00:01]} Bf5 {[%emt 0:00:05]} 55. Kf4 {[%emt 0:00:01]} Bg6 {[%emt 0:00:01]} 56. Ke5 {[%emt 0:00:01]} Bf7 {[%emt 0:00:02]} 57. d5 {[%emt 0:00:01]} Bg6 {[%emt 0:00:04]} 58. Ne4 {[%emt 0:00:03]} Bf7 {[%emt 0:00:07]} 59. Nc5+ {[%emt 0:00:03]} Kd8 {[%emt 0:00:03]} 60. Ne6+ {[%emt 0:00:05]} Kd7 {[%emt 0:00:02]} 61. Kf6 {[%emt 0:00:01]} Bg6 {[%emt 0:00:02]} 62. g4 {[%emt 0:00:03]} Kd6 {[%emt 0:00:01]} 63. Na6 {[%emt 0:00:14]} Bd3 {[%emt 0:00:05]} 64. Nf4 {[%emt 0:00:04]} Be2 {[%emt 0:00:05]} 65. Nxe2 {[%emt 0:00:02]} Kxd5 {[%emt 0:00:02]} 66. g5 {[%emt 0:00:01]} b4 {[%emt 0:00:04]} 67. Nxb4+ {[%emt 0:00:02]} Kc4 {[%emt 0:00:01]} 68. Nc6 {[%emt 0:00:01]} Kd5 {[%emt 0:00:01]} 69. Ne5 {[%emt 0:00:01]} Ke4 {[%emt 0:00:01]} 70. Ng3+ {[%emt 0:00:02]} Kf4 {[%emt 0:00:02]} 71. Nf5 {[%emt 0:00:01]} Ke4 {[%emt 0:00:06]} 72. Nh6 {[%emt 0:00:00]} Kf4 {[%emt 0:00:02]} 73. Neg4 {[%emt 0:00:01]} Ke4 {[%emt 0:00:03]} 74. Nf2+ {[%emt 0:00:03]} Kf4 {[%emt 0:00:01]} 75. Nhg4 {[%emt 0:00:01]} Kf3 {[%emt 0:00:02]} 76. Kg7 {[%emt 0:00:02]} Kf4 {[%emt 0:00:01]} 77. Kh6 {[%emt 0:00:01]} Kf5 {[%emt 0:00:01]} 78. Nh3 {[%emt 0:00:02]} Ke6 {[%emt 0:00:02]} 79. Kxh7 {[%emt 0:00:01]} Kf7 {[%emt 0:00:01]} 80. g6+ {[%emt 0:00:01]} Kf8 {[%emt 0:00:02]} 81. g7+ {[%emt 0:00:00]} Ke7 {[%emt 0:00:01]} 82. g8=Q {[%emt 0:00:00]} Kd6 {[%emt 0:00:01]} 83. Qg5 {[%emt 0:00:00]} Kc6 {[%emt 0:00:01]} 84. Qf5 {[%emt 0:00:00]} Kd6 {[%emt 0:00:01]} 85. Qe5+ {[%emt 0:00:00]} Kc6 {[%emt 0:00:02]} 86. Kg6 {[%emt 0:00:00]} Kd7 {[%emt 0:00:01]} 87. Kf6 {[%emt 0:00:00]} Kc6 {[%emt 0:00:01]} 88. Qe6+ {[%emt 0:00:00]} Kc7 {[%emt 0:00:01]} 89. Ke5 {[%emt 0:00:00]} Kd8 {[%emt 0:00:04]} 90. Qd6+ {[%emt 0:00:00]} Ke8 {[%emt 0:00:01]} 91. Qc7 {[%emt 0:00:01]} Kf8 {[%emt 0:00:01]} 92. Kf6 {[%emt 0:00:01]} Kg8 {[%emt 0:00:01]} 93. Qg7# {[%emt 0:00:00] (Lag: Av=0.53s, max=1.1s)} 1-0

[Event "Stay Safe Play From Home 342"]
[Site "Emanuel Lasker Arena"]
[Date "2020.07.29"]
[Round "4"]
[White "Timbre"]
[Black "Kongle"]
[Result "1-0"]
[WhiteElo "1602"]
[BlackElo "1708"]
[Annotator "NA"]
[PlyCount "113"]
[EventDate "2020.07.29"]
[EventType "swiss (blitz)"]

1. d4 {[%emt 0:00:06]} d5 {[%emt 0:00:04]} 2. Nf3 {[%emt 0:00:03]} Nf6 {[%emt 0:00:02]} 3. c3 {[%emt 0:00:02]} Bf5 {[%emt 0:00:02]} 4. Bf4 {[%emt 0:00:02]} e6 {[%emt 0:00:07]} 5. e3 {[%emt 0:00:01]} Nbd7 {[%emt 0:00:05]} 6. Bd3 {[%emt 0:00:02]} Bg4 {[%emt 0:00:02]} 7. Be2 {[%emt 0:00:01]} Bd6 {[%emt 0:00:03]} 8. Bg3 {[%emt 0:00:03]} O-O {[%emt 0:00:02]} 9. Nbd2 {[%emt 0:00:02]} Qe7 {[%emt 0:00:04]} 10. O-O {[%emt 0:00:03]} c5 {[%emt 0:00:02]} 11. dxc5 {[%emt 0:00:05]} Bxc5 {[%emt 0:00:04]} 12. Nb3 {[%emt 0:00:05]} Bb6 {[%emt 0:00:02]} 13. Nfd4 {[%emt 0:00:02]} Bxe2 {[%emt 0:00:06]} 14. Qxe2 {[%emt 0:00:02]} a5 {[%emt 0:00:01]} 15. Nf3 {[%emt 0:00:03]} a4 {[%emt 0:00:02]} 16. Nbd4 {[%emt 0:00:02]} Ne4 {[%emt 0:00:04]} 17. a3 {[%emt 0:00:04]} f6 {[%emt 0:00:08]} 18. Rad1 {[%emt 0:00:08]} Rac8 {[%emt 0:00:09]} 19. Nd2 {[%emt 0:00:05]} Nxg3 {[%emt 0:00:05]} 20. hxg3 {[%emt 0:00:03]} e5 {[%emt 0:00:03]} 21. N4f3 {[%emt 0:00:05]} f5 {[%emt 0:00:08]} 22. Qb5 {[%emt 0:00:05]} Rc5 {[%emt 0:00:17]} 23. Qxa4 {[%emt 0:00:04]} h6 {[%emt 0:00:13]} 24. Qc2 {[%emt 0:00:07]} g6 {[%emt 0:00:24]} 25. b4 {[%emt 0:00:02]} Rcc8 {[%emt 0:00:05]} 26. c4 {[%emt 0:00:03]} d4 {[%emt 0:00:05]} 27. exd4 {[%emt 0:00:03]} exd4 {[%emt 0:00:03]} 28. c5 {[%emt 0:00:03]} Qf6 {[%emt 0:00:14]} 29. cxb6 {[%emt 0:00:06]} Rxc2 {[%emt 0:00:03]} 30. Nb3 {[%emt 0:00:08]} Nxb6 {[%emt 0:00:14]} 31. Nbxd4 {[%emt 0:00:02]} Rc3 {[%emt 0:00:02]} 32. Nb5 {[%emt 0:00:12]} Rb3 {[%emt 0:00:06]} 33. Rd6 {[%emt 0:00:05]} Qb2 {[%emt 0:00:26]} 34. Rxg6+ {[%emt 0:00:05]} Kh7 {[%emt 0:00:02]} 35. Rxb6 {[%emt 0:00:02]} Qe2 {[%emt 0:00:11]} 36. Rxb7+ {[%emt 0:00:07]} Kg8 {[%emt 0:00:01]} 37. Nbd4 {[%emt 0:00:03]} f4 {[%emt 0:00:04]} 38. Nxe2 {[%emt 0:00:03]} fxg3 {[%emt 0:00:02]} 39. Nxg3 {[%emt 0:00:01]} Rxa3 {[%emt 0:00:01]} 40. Re1 {[%emt 0:00:02]} Rf7 {[%emt 0:00:11]} 41. Rxf7 {[%emt 0:00:09]} Kxf7 {[%emt 0:00:01]} 42. Rb1 {[%emt 0:00:01]} Ke8 {[%emt 0:00:04]} 43. b5 {[%emt 0:00:01]} Kd8 {[%emt 0:00:01]} 44. b6 {[%emt 0:00:01]} Kc8 {[%emt 0:00:01]} 45. b7+ {[%emt 0:00:02]} Kb8 {[%emt 0:00:01]} 46. Nd4 {[%emt 0:00:02]} Rc3 {[%emt 0:00:13]} 47. Ne4 {[%emt 0:00:05]} Rc4 {[%emt 0:00:02]} 48. Rd1 {[%emt 0:00:10]} h5 {[%emt 0:00:05]} 49. f3 {[%emt 0:00:02]} h4 {[%emt 0:00:01]} 50. Nb5 {[%emt 0:00:06]} Rc2 {[%emt 0:00:08]} 51. Nd4 {[%emt 0:00:07]} Rb2 {[%emt 0:00:07]} 52. Nd6 {[%emt 0:00:02]} Kc7 {[%emt 0:00:01]} 53. N6b5+ {[%emt 0:00:02]} Kxb7 {[%emt 0:00:02]} 54. Rc1 {[%emt 0:00:04]} Kb6 {[%emt 0:00:01]} 55. Rc6+ {[%emt 0:00:03]} Ka5 {[%emt 0:00:02]} 56. Nc3 {[%emt 0:00:02]} Kb4 {[%emt 0:00:01]} 57. Nce2 {[%emt 0:00:07] Time (Lag: Av=0.53s, max=1.0s)} 1-0

[Event "Stay Safe Play From Home 342"]
[Site "Emanuel Lasker Arena"]
[Date "2020.07.29"]
[Round "4"]
[White "Klasman"]
[Black "Haris kollari 13"]
[Result "0-1"]
[WhiteElo "1539"]
[BlackElo "1881"]
[Annotator "NA"]
[PlyCount "116"]
[EventDate "2020.07.29"]
[EventType "swiss (blitz)"]

1. f4 {[%emt 0:00:02]} f6 {[%emt 0:00:08]} 2. e4 {[%emt 0:00:05]} b6 {[%emt 0:00:01]} 3. d4 {[%emt 0:00:01]} Bb7 {[%emt 0:00:01]} 4. Bd3 {[%emt 0:00:01]} g6 {[%emt 0:00:02]} 5. Nf3 {[%emt 0:00:01]} Bg7 {[%emt 0:00:01]} 6. c4 {[%emt 0:00:01]} e6 {[%emt 0:00:02]} 7. Be3 {[%emt 0:00:01]} Ne7 {[%emt 0:00:01]} 8. O-O {[%emt 0:00:05]} d6 {[%emt 0:00:05]} 9. Nc3 {[%emt 0:00:02]} Nd7 {[%emt 0:00:01]} 10. Rc1 {[%emt 0:00:03]} c5 {[%emt 0:00:05]} 11. d5 {[%emt 0:00:02]} e5 {[%emt 0:00:01]} 12. fxe5 {[%emt 0:00:05]} fxe5 {[%emt 0:00:07]} 13. Ng5 {[%emt 0:00:05]} Nf8 {[%emt 0:00:03]} 14. Qf3 {[%emt 0:00:07]} Kd7 {[%emt 0:00:17]} 15. Qf7 {[%emt 0:00:10]} Bh6 {[%emt 0:00:03]} 16. Kh1 {[%emt 0:00:38]} Qe8 {[%emt 0:00:03]} 17. Nb5 {[%emt 0:00:31]} a6 {[%emt 0:00:12]} 18. Nxd6 {[%emt 0:00:38]} Bxg5 {[%emt 0:00:12]} 19. Nxe8 {[%emt 0:00:10]} Bxe3 {[%emt 0:00:02]} 20. Nf6+ {[%emt 0:00:07]} Kd8 {[%emt 0:00:02]} 21. Qe8+ {[%emt 0:00:08]} Kc7 {[%emt 0:00:04]} 22. Qxe7+ {[%emt 0:00:01]} Kb8 {[%emt 0:00:01]} 23. Qg7 {[%emt 0:00:11]} Bxc1 {[%emt 0:00:04]} 24. Rxc1 {[%emt 0:00:07]} Ka7 {[%emt 0:00:04]} 25. Qxh8 {[%emt 0:00:21]} Nd7 {[%emt 0:00:01]} 26. Qxa8+ {[%emt 0:00:02]} Bxa8 {[%emt 0:00:01]} 27. Nxd7 {[%emt 0:00:01]} Kb7 {[%emt 0:00:01]} 28. Rf1 {[%emt 0:00:03]} Kc7 {[%emt 0:00:01]} 29. Rf7 {[%emt 0:00:01]} Kd6 {[%emt 0:00:01]} 30. Be2 {[%emt 0:00:08]} Bb7 {[%emt 0:00:01]} 31. Bg4 {[%emt 0:00:04]} Bc8 {[%emt 0:00:01]} 32. Rf6+ {[%emt 0:00:06]} Ke7 {[%emt 0:00:02]} 33. Rxb6 {[%emt 0:00:06]} h5 {[%emt 0:00:06]} 34. Nxc5 {[%emt 0:00:11]} hxg4 {[%emt 0:00:06]} 35. d6+ {[%emt 0:00:02]} Kd8 {[%emt 0:00:02]} 36. d7 {[%emt 0:00:04]} Bxd7 {[%emt 0:00:02]} 37. Rd6 {[%emt 0:00:01]} Kc7 {[%emt 0:00:01]} 38. Rxd7+ {[%emt 0:00:01]} Kc6 {[%emt 0:00:00]} 39. Re7 {[%emt 0:00:01]} Kxc5 {[%emt 0:00:01]} 40. Rxe5+ {[%emt 0:00:01]} Kxc4 {[%emt 0:00:00]} 41. Re8 {[%emt 0:00:02]} Kd4 {[%emt 0:00:01]} 42. e5 {[%emt 0:00:01]} g3 {[%emt 0:00:01]} 43. e6 {[%emt 0:00:01]} Ke5 {[%emt 0:00:01]} 44. e7 {[%emt 0:00:02]} Kd6 {[%emt 0:00:00]} 45. Rg8 {[%emt 0:00:01]} Kxe7 {[%emt 0:00:01]} 46. Rxg6 {[%emt 0:00:01]} gxh2 {[%emt 0:00:01]} 47. Rxa6 {[%emt 0:00:02]} Kd7 {[%emt 0:00:02]} 48. Rb6 {[%emt 0:00:03]} Kc7 {[%emt 0:00:00]} 49. Rb3 {[%emt 0:00:01]} Kc6 {[%emt 0:00:01]} 50. a4 {[%emt 0:00:01]} Kc5 {[%emt 0:00:01]} 51. a5 {[%emt 0:00:01]} Kc4 {[%emt 0:00:00]} 52. Ra3 {[%emt 0:00:01]} Kb4 {[%emt 0:00:03]} 53. a6 {[%emt 0:00:01]} Kc5 {[%emt 0:00:01]} 54. a7 {[%emt 0:00:01]} Kd4 {[%emt 0:00:00]} 55. a8=Q {[%emt 0:00:01]} Kc4 {[%emt 0:00:00]} 56. Qa4+ {[%emt 0:00:01]} Kc5 {[%emt 0:00:01]} 57. Qh4 {[%emt 0:00:02]} Kb5 {[%emt 0:00:01]} 58. Rb3+ {[%emt 0:00:01]} Kc5 {[%emt 0:00:02] Time (Lag: Av=0.43s, max=0.7s)} 0-1